Online Catalogue and eLibrary

Mankolla rajiniya Poolan devi 1 (Record no. 4882)

MARC details
000 -LEADER
fixed length control field 00446nam a2200169Ia 4500
005 - DATE AND TIME OF LATEST TRANSACTION
control field 20250430011333.0
008 - FIXED-LENGTH DATA ELEMENTS--GENERAL INFORMATION
fixed length control field 240331s9999 xx 000 0 und d
020 ## - INTERNATIONAL STANDARD BOOK NUMBER
ISBN 9789552099892
082 ## - DDC Classification
Item Number - Author Mark POO
Class No. 891
100 ## - MAIN ENTRY--PERSONAL NAME
Personal name Poolan Devi
245 #0 - TITLE STATEMENT
Title Mankolla rajiniya Poolan devi 1
250 ## - EDITION STATEMENT
Edition statement 2nd
260 ## - PUBLICATION, DISTRIBUTION, ETC.
Place of publication, distribution, etc. Colombo
Name of publisher, distributor, etc. S. Godake 7 Brothers
Date of publication, distribution, etc. 2007
300 ## - PHYSICAL DESCRIPTION
Extent (e.g. Volumes, Pages etc.) 198 p ., ( C 1)
500 ## - GENERAL NOTE
General note A Book of The Bandit Queen - Phoolan Devi
942 ## - Koha item type (Biblio)
Koha item type Books in Stacks (Lending)
Holdings
Lost status Damaged status Collection code Home library Current library Shelving location Date acquired Full call number Accession Number Item type
    Lending WERC Library WERC Library Social Science Cupboard 03/31/2024 891.48 POO 6031 Books in Stacks (Lending)

© WERC Library